| 000 | 01032nam0a22002531 4500 | ||
|---|---|---|---|
| 001 | rc\609902 | ||
| 005 | 20250621182607.0 | ||
| 035 | _a(NLR Aleph) 005853670 | ||
| 090 |
_a5805179 _c5805179 |
||
| 100 | _a20031121d1986 |||y0rusy50 ca | ||
| 101 | 0 | _arus | |
| 102 | _aRU | ||
| 105 | _aa ||||||||| | ||
| 200 | 1 |
_aМоя жизнь _aЖивотные-герои _aСудьба гонимых _aМои дикие друзья _fЭ. Сетон-Томпсон _g[Пер. с англ. Н. Чуковского, А. Макаровой _gПредисл. Д. Урнова _gПослесл. и фот. В. Пескова _gРис. авт.] |
|
| 210 |
_aМ. _cМоск. рабочий _d1986 |
||
| 215 |
_a223 с., [9] л. ил. _cил. _d27 |
||
| 300 | _aЗагл. пер. и корешка: Животные-герои | ||
| 517 | 0 | _aЖивотные-герои | |
| 700 | 1 |
_aСетон-Томпсон _bЭ. _f1860-1946 _gЭрнест |
|
| 801 | 0 |
_aRU _bNLR _gpsbo |
|
| 801 | 1 |
_aRU _bELAR _2rusmarc |
|
| 852 |
_aNLR _j86-7/798 |
||
| 942 | _cBOOK | ||
| 980 | _aNB | ||